Joueurs de Foot par Pays - Asie - Statistiques

Statistiques générales
  • Ce quiz a été pris 128 fois
  • Le résultat moyen est 5 sur 6
Statistiques - réponses
Hint Réponse % Correct
Heung-Min Son Corée du Sud
100%
Lei Wu Chine
93%
Kaoru Mitoma Japon
92%
Khvicha Kvaratskhelia Georgie
88%
Arda Guler Turquie
87%
Saleh Al Shehri Arabie Saoudite
82%
Aucun quiz correspondant
Distribution des résultats
% des personnes avec chaque résultat
Percentile par nombre de réponses
Votre historique - résultats
Vous n’avez pas pris ce quiz